Invalidez de actos societario (Registro nro. 850)

Detalles MARC
000 -LEADER
fixed length control field 01067 a2200205 4500
001 - CONTROL NUMBER
control field 21692
005 - DATE AND TIME OF LATEST TRANSACTION
control field 20260407155507.0
008 - FIXED-LENGTH DATA ELEMENTS--GENERAL INFORMATION
fixed length control field 260407a1978 arg spa d
003 - CONTROL NUMBER IDENTIFIER
control field AR-UNSa-BCEJYS
040 ## - CATALOGING SOURCE
Original cataloging agency AR-UNSa-BCEJYS
Language of cataloging spa
Transcribing agency AR-UNSa-BCEJYS
080 ## - UNIVERSAL DECIMAL CLASSIFICATION NUMBER
Universal Decimal Classification number 347.72
Common auxiliary subdivision Sociedades comerciales
100 1# - MAIN ENTRY--PERSONAL NAME
Personal name Otaegui, Julio C.
245 10 - TITLE STATEMENT
Title Invalidez de actos societario
264 #1 - PRODUCTION, PUBLICATION, DISTRIBUTION, MANUFACTURE, AND COPYRIGHT NOTICE
Place of production, publication, distribution, manufacture Buenos Aires :
Name of producer, publisher, distributor, manufacturer Abaco
Date of production, publication, distribution, manufacture, or copyright notice 1978
300 ## - PHYSICAL DESCRIPTION
Extent 460 p.
Dimensions 23 cm.
505 ## - FORMATTED CONTENTS NOTE
Formatted contents note 1. El acto jurídico - 2. Acto jurídico colegial - 3. Invalidez de actos jurídicos - 4. Particularidades de la invalidez societaria - 5. Invalidez vincular - 6. Invalidez formal: irregularidad - 7. Invalidez causal. Desestimación (Parte 1º) - 8. Invalidez causal. Desestimación (Parte 2º) - 9. Invalidez causal. Desestimación (Parte 3º) - 10. Invalidez especial - 11. Invalidez operativa - 12. Invalidez funcional
590 ## - LOCAL NOTE (RLIN)
Local note niveau_biblio:m niveau_hierar:0
856 41 - ELECTRONIC LOCATION AND ACCESS
Uniform Resource Identifier <a href="https://biblioeco.unsa.edu.ar/pmb/images/libros/Invalidez de Actos Societarios.jpg">https://biblioeco.unsa.edu.ar/pmb/images/libros/Invalidez de Actos Societarios.jpg</a>
Link text Imagen de portada
Electronic format type image/jpeg
942 ## - ADDED ENTRY ELEMENTS (KOHA)
Koha item type
Existencias
Withdrawn status Lost status Damaged status Not for loan Home library Current library Shelving location Date acquired Total checkouts Full call number Barcode Date last seen Price effective from Koha item type
        Biblioteca Prof. Eusebio Cleto del Rey Biblioteca Prof. Eusebio Cleto del Rey   07/04/2026   P347.72 O87i L119487 07/04/2026 07/04/2026 Libro
        Biblioteca Prof. Eusebio Cleto del Rey Biblioteca Prof. Eusebio Cleto del Rey   07/04/2026   P347.72 O87i L119486 07/04/2026 07/04/2026 Libro